The Effect of Transcranial Direct Current Stimulation and Inhibitory Control Training on Working Memory in Post-stroke Rehabilitation

Elmentve itt :
Bibliográfiai részletek
Szerzők: Kazinczi Csaba
Szépfalusi Noémi
Németh Viola Luca
Holczer Adrienn
Jakab Katalin
Vécsei László
Klivényi Péter
Must Anita
Racsmány Mihály
Dokumentumtípus: Cikk
Megjelent: 2025
Sorozat:NEUROPSYCHOPHARMACOLOGIA HUNGARICA 27 No. 2
Tárgyszavak:
mtmt:36095679
Online Access:http://publicatio.bibl.u-szeged.hu/37189
LEADER 01126nab a2200289 i 4500
001 publ37189
005 20250708152940.0
008 250708s2025 hu o 000 eng d
022 |a 1419-8711 
024 7 |a 36095679  |2 mtmt 
040 |a SZTE Publicatio Repozitórium  |b hun 
041 |a eng 
100 1 |a Kazinczi Csaba 
245 1 4 |a The Effect of Transcranial Direct Current Stimulation and Inhibitory Control Training on Working Memory in Post-stroke Rehabilitation  |h [elektronikus dokumentum] /  |c  Kazinczi Csaba 
260 |c 2025 
300 |a 88-105 
490 0 |a NEUROPSYCHOPHARMACOLOGIA HUNGARICA  |v 27 No. 2 
650 4 |a Klinikai orvostan 
700 0 1 |a Szépfalusi Noémi  |e aut 
700 0 1 |a Németh Viola Luca  |e aut 
700 0 1 |a Holczer Adrienn  |e aut 
700 0 1 |a Jakab Katalin  |e aut 
700 0 1 |a Vécsei László  |e aut 
700 0 1 |a Klivényi Péter  |e aut 
700 0 1 |a Must Anita  |e aut 
700 0 1 |a Racsmány Mihály  |e aut 
856 4 0 |u http://publicatio.bibl.u-szeged.hu/37189/1/Theeffectoftranscranialdirectcurrentstimulationandinhibitorycontroltrainingonworkingmemoryinpost-strokerehabilitation.pdf  |z Dokumentum-elérés